Statistics for Countries Closest to Albania - One Minute Sprint

Click here to take the quiz!

General Stats

  • This quiz has been taken 37 times
  • The average score is 16 of 20

Answer Stats

kmcountrymiles% Correct
70Croatia44
100%
0Greece0
100%
0Kosovo0
100%
76Bosnia and
Herzegovina
47
97%
73Italy45
97%
0North Macedonia0
97%
38Serbia38
97%
467Slovenia290
97%
148Bulgaria92
94%
0Montenegro0
94%
266Romania165
88%
420Turkey261
85%
357Hungary222
82%
532Austria330
73%
587San Marino365
70%
574Slovakia357
67%
570Vatican City354
58%
638Malta396
55%
640Ukraine398
52%
698Czechia434
33%

Score Distribution

Percentile by Number Answered

Percent of People with Each Score

Your Score History

You have not taken this quiz